[Event "SLO-ch U16"]
[Site "Celje"]
[Date "2004.02.22"]
[Round "3"]
[White "Skaza, Niko"]
[Black "Kenjar, Jasmin"]
[Result "1-0"]
[WhiteElo "1500"]
[BlackElo "1500"]
[PlyCount "90"]
[EventDate "2004.02.22"]
[EventType "swiss"]
[EventRounds "9"]
[EventCountry "SLO"]
[SourceTitle "EXT 2008"]
[Source "ChessBase"]
[SourceDate "2007.11.25"]
[SourceVersion "1"]
[SourceVersionDate "2007.11.25"]
[SourceQuality "1"]

1. e4 e5 2. Nf3 Nc6 3. Bc4 Bc5 4. Nc3 Nf6 5. d3 h6 6. 0-0 d6 7. h3 a6 8. a3 0-0 9. Qe1 Nh7 10. Be3 Bxe3 11. Qxe3 Kh8 12. Bd5 Ne7 13. Bc4 f5 14. Nh4 f4 15. Qf3 g5 16. Nf5 Nxf5 17. exf5 Rxf5 18. Bd5 c6 19. Be4 Rf6 20. Bxh7 Kxh7 21. Ne4 Rf7 22. Qh5 Bf5 23. Qxf7+ Kh8 24. Qxf5 Kg7 25. Qg4 Qe7 26. h4 d5 27. hxg5 dxe4 28. gxh6+ Kxh6 29. dxe4 Qf6 30. g3 Qf7 31. Qh4+ Kg6 32. Rad1 Kg7 33. Qg5+ Kh7 34. Qf5+ Qxf5 35. exf5 Kh6 36. Kg2 Rg8 37. Rh1+ Kg5 38. gxf4+ Kxf5+ 39. Kf1 Rg7 40. fxe5 Kxe5 41. Rh5+ Kf6 42. Rd6+ Ke7 43. Rd4 Ke8 44. Rh8+ Ke7 45. f4 Kf7 1-0